00880nam a2200241 a 450000100060000000300080000600500170001400800410003103500190007204000320009104100080012308200250013110000300015624501120018626000510029830000290034950000300037865000260040865000270043494200120046199900170047395201480049077176BD-RjUL20211209082934.0200301s1966 njua 000 0 eng  a(BD-RjUL)77400 aDLCcDLCdDLCdBD-RjULbeng aeng00223a796.13bKRP 19661 aKraus, Richard G.924012412aA pocket guide of folk and square dances and singing games for the elementary school /c[by] Richard Kraus. aEnglewood Cliffs, N.J. :bPrentice-Hall,c1966 a168 p.:billus.;c15 cm. aIncludes unacc. melodies. 0aFolk dancing.9240125 0aSinging games.9240126 2ddccBK c77176d77176 00102ddc40718NFICaRUCLbRUCLcReadingd1970-10-20eSwets & Zeitlingerg43.00l0o796.13 KRP 1966r2020-03-01 00:00:00tC-1w2020-03-01yBK